<?xml version='1.0' encoding='UTF-8'?>
  <record xmlns="http://www.loc.gov/MARC21/slim">
    <leader>00000nam a22000007i 4500</leader>
    <controlfield tag="001">ocn974167771</controlfield>
    <controlfield tag="003">OCoLC</controlfield>
    <controlfield tag="005">20250928122335.9</controlfield>
    <controlfield tag="008">991018s1665    ne            000 0 dut d</controlfield>
    <datafield tag="040" ind1=" " ind2=" ">
      <subfield code="a">QGJ</subfield>
      <subfield code="b">dut</subfield>
      <subfield code="c">QGJ</subfield>
      <subfield code="d">OCLCO</subfield>
      <subfield code="d">OCLCL</subfield>
      <subfield code="d">OCLCQ</subfield>
    </datafield>
    <datafield tag="035" ind1=" " ind2=" ">
      <subfield code="a">(OCoLC)974167771</subfield>
    </datafield>
    <datafield tag="245" ind1="0" ind2="0">
      <subfield code="a">Drie voyagien gedaen na Groenlandt, om te ondersoecken of men door de naeuwte Hudsons soude konnen seylen, om alsoo een doorvaert na Oost-Indien te vinden /</subfield>
      <subfield code="c">alle ten versoecke van Christianus de IIII. koningh van Denemarcken, &amp;c. de eerste door Joan Monnick, de tweede door Marten Forbisser, ende de derde door Gotske Lindenau ; als mede een beschryvinghe, hoe, en op wat wijse men de walvisschen vanght ; item, een korte beschryvingh van Groenlandt, met de manieren en hoedanicheden der inwoonderen aldaer.</subfield>
    </datafield>
    <datafield tag="246" ind1="1" ind2=" ">
      <subfield code="a">Kort verhael van de gedaente der walvisschen en hare namen, en voorts waer en hoe deselve in zee gevangen worden</subfield>
    </datafield>
    <datafield tag="246" ind1="1" ind2=" ">
      <subfield code="a">Beschryvingh van Groenlandt ...</subfield>
    </datafield>
    <datafield tag="264" ind1=" " ind2="1">
      <subfield code="a">t' Amsterdam :</subfield>
      <subfield code="b">gedruckt by Gillis Joosten Saeghman,</subfield>
      <subfield code="c">[ca. 1665]</subfield>
    </datafield>
    <datafield tag="300" ind1=" " ind2=" ">
      <subfield code="a">32 p. :</subfield>
      <subfield code="b">ill. ;</subfield>
      <subfield code="c">20 cm</subfield>
    </datafield>
    <datafield tag="336" ind1=" " ind2=" ">
      <subfield code="a">tekst</subfield>
      <subfield code="b">txt</subfield>
      <subfield code="2">rdacontent/dut</subfield>
    </datafield>
    <datafield tag="337" ind1=" " ind2=" ">
      <subfield code="a">zonder medium</subfield>
      <subfield code="b">n</subfield>
      <subfield code="2">rdamedia/dut</subfield>
    </datafield>
    <datafield tag="338" ind1=" " ind2=" ">
      <subfield code="a">band</subfield>
      <subfield code="b">nc</subfield>
      <subfield code="2">rdacarrier/dut</subfield>
    </datafield>
    <datafield tag="340" ind1=" " ind2=" ">
      <subfield code="m">4-o.</subfield>
    </datafield>
    <datafield tag="562" ind1=" " ind2=" ">
      <subfield code="a">Binding note: T qu 230 (Rariora) dl 5.</subfield>
      <subfield code="5">NL-UtRU</subfield>
    </datafield>
    <datafield tag="510" ind1="0" ind2=" ">
      <subfield code="a">Tiele, Ned. bibl. van land- en volkenkunde 1181</subfield>
    </datafield>
    <datafield tag="500" ind1=" " ind2=" ">
      <subfield code="a">Imprint: T'Amsterdam, gedruckt by Gillis Joosten Saeghman, in de Nieuwe-straet, ordinaris drucker van de Journalen der Zee- en landt-reysen.</subfield>
    </datafield>
    <datafield tag="500" ind1=" " ind2=" ">
      <subfield code="a">Colophon: T'Amsterdam, gedruckt by Gillis Joosten Saeghman, in de Nieuwe-straet.</subfield>
    </datafield>
    <datafield tag="500" ind1=" " ind2=" ">
      <subfield code="a">Illustrations: hoogdruk / letterpress).</subfield>
    </datafield>
    <datafield tag="530" ind1=" " ind2=" ">
      <subfield code="a">Also available in online version.</subfield>
    </datafield>
    <datafield tag="700" ind1="1" ind2=" ">
      <subfield code="a">Munk, Jens,</subfield>
      <subfield code="d">1579-1628.</subfield>
      <subfield code="1">https://id.oclc.org/worldcat/entity/E39PBJtX7B7yQrBwvBP6p8DyVC</subfield>
    </datafield>
    <datafield tag="700" ind1="1" ind2=" ">
      <subfield code="a">Frobisher, Martin,</subfield>
      <subfield code="d">ca. 1535-1594.</subfield>
    </datafield>
    <datafield tag="700" ind1="1" ind2=" ">
      <subfield code="a">Lindenov, Godske.</subfield>
    </datafield>
    <datafield tag="700" ind1="1" ind2=" ">
      <subfield code="a">Sichem, C. v.,</subfield>
      <subfield code="e">engraver.</subfield>
      <subfield code="4">egr</subfield>
    </datafield>
    <datafield tag="700" ind1="1" ind2=" ">
      <subfield code="a">Moll, Gerrit,</subfield>
      <subfield code="e">former owner.</subfield>
      <subfield code="4">fmo</subfield>
      <subfield code="5">NL-UtRU</subfield>
    </datafield>
    <datafield tag="776" ind1="0" ind2="8">
      <subfield code="i">Online version:</subfield>
      <subfield code="t">Drie voyagien gedaen na Groenlandt, om te ondersoecken of men door de naeuwte Hudsons soude konnen seylen, om alsoo een doorvaert na Oost-Indien te vinden.</subfield>
      <subfield code="d">t' Amsterdam : gedruckt by Gillis Joosten Saeghman, [ca. 1665]</subfield>
    </datafield>
    <datafield tag="856" ind1="4" ind2="1">
      <subfield code="u">http://objects.library.uu.nl/reader/resolver.php?obj=001806208&amp;type=2</subfield>
      <subfield code="x">Online</subfield>
      <subfield code="z">Full text</subfield>
    </datafield>
    <datafield tag="936" ind1=" " ind2=" ">
      <subfield code="a">BATCHLOAD</subfield>
    </datafield>
  </record>